Transformácia ekonomiky vyžaduje aj prestavbu štatistiky
Činnosť Infostat-u - Inštitútu informatiky a štatistiky Bratislava, príspevkovej organizácie, ktorej zakladateľom od r.1993 je Štatistický úrad SR. Je pokračovateľom VVS s programom OSN, neskôr VÚSEI AR. Výskumné zameranie od r.1991, tvorba štatistického informačného systému, metainformačný systém,...
Salvato in:
| Autore principale: | |
|---|---|
| Natura: | Capitolo di libro |
| Lingua: | slovacco |
| Soggetti: | |
| Tags: |
Nessun Tag, puoi essere il primo ad aggiungerne!!
|
MARC
| LEADER | 00000naa a2200000 4500 | ||
|---|---|---|---|
| 001 | r015766 | ||
| 005 | 20221205091358.4 | ||
| 041 | 0 | |a slo | |
| 044 | |a SK | ||
| 245 | 1 | 0 | |a Transformácia ekonomiky vyžaduje aj prestavbu štatistiky |c D. Lajčiaková |
| 520 | |a Činnosť Infostat-u - Inštitútu informatiky a štatistiky Bratislava, príspevkovej organizácie, ktorej zakladateľom od r.1993 je Štatistický úrad SR. Je pokračovateľom VVS s programom OSN, neskôr VÚSEI AR. Výskumné zameranie od r.1991, tvorba štatistického informačného systému, metainformačný systém, analytická a prognostická činnosť, analýza vývoja hlavných makroekonomických ukazovateľov atď. Metodika tvorby národných účtov, vyhodnotenie podnikovej klímy a hospodárskej konjunktúry, štatistické registre malých a stredných podnikov. Spolupráca so zahraničím a štatistické spravodajstvo. | ||
| 610 | 2 | 0 | |a Infostat Bratislava |
| 610 | 2 | 0 | |a štatistika |
| 610 | 2 | 0 | |a Slovensko |
| 610 | 2 | 0 | |a strediská výpočtové |
| 610 | 2 | 0 | |a ukazovatele štatistické |
| 610 | 2 | 0 | |a metodika |
| 610 | 2 | 0 | |a výskum vedecký |
| 610 | 2 | 0 | |a systémy informačné |
| 610 | 2 | 0 | |a metainformácie |
| 610 | 2 | 0 | |a registre |
| 610 | 2 | 0 | |a účty národné |
| 610 | 2 | 0 | |a analýza štatistická |
| 100 | 1 | |a Lajčiaková, D. | |